| 000 | 00645nam a2200229Ia 4500 | ||
|---|---|---|---|
| 003 | OSt | ||
| 005 | 20220122111538.0 | ||
| 008 | 210716s2003 xx 000 0 und d | ||
| 020 | _a817881143X | ||
| 040 | _cAIMIT LIBRARY | ||
| 041 | _aeng | ||
| 082 |
_a332.112 _21 _bRAOK |
||
| 100 |
_aRao, Katuri Nageswara. _914372 |
||
| 245 |
_aRetail Banking / _cEdited by Katuri Nageswara Rao |
||
| 250 | _a[1st ed.] | ||
| 260 |
_aHyderabad: _bICFAI University Press, _c2003. |
||
| 300 | _axvii,189p. ;23.5cm. | ||
| 440 | _v1 | ||
| 650 |
_aNew Business Opportunities _914373 |
||
| 650 |
_aSectoral Products _914376 |
||
| 942 |
_2ddc _cBK _k332.112 RAOK |
||
| 999 |
_c202411 _d202411 |
||